000 00392nam a2200145Ia 4500
005 20251222144823.0
008 251222s9999||||xx |||||||||||||| ||spa||
020 _a9786124749872
082 _a340/A44
100 _aAlmanza Altamirano, Frank
245 0 _aRazonamiento Lógico y Argumentación Jurídica
250 _a1ra.ed.
264 _bIdeas Solución Editorial S. A. C.
942 _cLIB
999 _c20578
_d20578